000 00502nam a2200169 i 4500
001 79438
003 ES-MaACL
005 20230906173958.0
007 t|
008 041021s1972 sp ||||1| fre d
100 1 _aHernández, Francisco Javier.
_962816
245 1 3 _aLa France de notre époque /
_cF.J. Hernández y J.M. Pelorson.
260 _a[Salamanca] :
_bAnaya,
_c[1972]
300 _a407 p. :
_bil. ;
_c23 cm.
700 1 _aPelorson, Jean-Marc.
_990113
852 _aES-MaACL
_jC-47233
_bR.83473
999 _c79438
_d79438